01067 2200337 4500001002100000005001500021035002000036007000300056008004100059040002200100082001900122084002100141090002400162245011500186300002200301650003100323850001200354264006900366336002100435337003000456338002300486100002700509500004200536700002700578700002400605990002000629990002000649990002000669990002000689990002000709INLIS00000000086369620210816111811 a0010-0821000395ta210812s2019 jbi gf s j ind d aYOPDYOGbinderda04223a398.209598 a398.209598 YOA i aBR 398.209598 YOA i10aIndonesia bercerita :bkisah-kisah rakyat yang terlupakan /cpenulis, Yoana Dianika, Redy Kuswanto, Ruwi Meita a...jilid ;c30 cm 4aCerita rakyat--zIndonesia aYOPDYOG31aCimahi :bBalai Literasi Braille Indonesia (BLBI) Abiyoso,c2019 2rdacontentateks 2rdamediaatanpa perantara 2rdacarrieravolume0 aYoana Dianikaepenulis aYang diterima: jilid 5, 6, 7, 8 dan 90 aRedy Kuswantoepenulis0 aRuwi Meitaepenulis a67588-PD/A.2021 a67629-PD/A.2021 a67616-PD/A.2021 a67607-PD/A.2021 a67653-PD/A.2021